Hauptstädte der Länder der Welt - Statistiken

Allgemein
  • Dieses Quiz wurde 230 mal gespielt
  • Das Durchschnittsergebnis liegt bei 15 aus 15
Antwortstatistiken
Frage Antwort % Korrekt
Äthiopien Addis Abeba
100%
Griechenland Athen
100%
Serbien Belgrad
100%
Brasilien Brasilia
100%
Ungarn Budapest
100%
Katar Doha
100%
Finnland Helsinki
100%
Frankreich Paris
100%
Haiti Port-au-Prince
100%
Lettland Riga
100%
Chile Santiago
100%
Südkorea Seoul
100%
Neuseeland Wellington
100%
Irak Bagdad
92%
Ghana Accra
77%
Keine übereinstimmenden Quizze gefunden
Verteilung der Resultate
Anzahl Personen mit jedem Resultat
Perzentil nach korrekt beantworteten Fragen
Ihre Resultats-Entwicklung
Sie haben dieses Quiz noch nicht gespielt